Types of pickles Quiz Stats

Quiz not verified by Sporcle

Also try: 'W' Game
Challenge
Share
Tweet
Embed
Score 0/50 Timer 20:00
0 Plays Today
% Correct
???
95.5%
???
40.9%
???
36.4%
???
13.6%
???
13.6%
???
9.1%
???
9.1%
???
9.1%
???
9.1%
???
4.5%
???
4.5%
???
4.5%
???
4.5%
???
4.5%
???
4.5%
???
4.5%
???
4.5%
???
4.5%
???
4.5%
???
4.5%
???
4.5%
???
0%
???
0%
???
0%
???
0%
% Correct
???
0%
???
0%
???
0%
???
0%
???
0%
???
0%
???
0%
???
0%
???
0%
???
0%
???
0%
???
0%
???
0%
???
0%
???
0%
???
0%
???
0%
???
0%
???
0%
???
0%
???
0%
???
0%
???
0%
???
0%
???
0%

You're not logged in!

Compare scores with friends on all Sporcle quizzes.
Sign Up with Email
OR
Log In

You Might Also Like...

Show Comments

Extras

Top Quizzes Today


Score Distribution

Your Account Isn't Verified!

In order to create a playlist on Sporcle, you need to verify the email address you used during registration. Go to your Sporcle Settings to finish the process.